Building cost forecasting: selected papers on a systematic approach to forecasting building costs (Record no. 87801)

MARC details
000 -LEADER
fixed length control field 00538cam a2200193 4500
001 - CONTROL NUMBER
control field D15116
008 - FIXED-LENGTH DATA ELEMENTS--GENERAL INFORMATION
fixed length control field 090401t1971 xxu||||| |||| 00| 0 eng d
035 ## - SYSTEM CONTROL NUMBER
System control number (Sirsi) u20331
041 ## - LANGUAGE CODE
Language code of text/sound track or separate title eng
050 ## - LIBRARY OF CONGRESS CALL NUMBER
Classification number RICS 1971/13ABC
110 ## - MAIN ENTRY--CORPORATE NAME
Corporate name or jurisdiction name as entry element Royal Institution of Chartered Surveyors
9 (RLIN) 4900
245 ## - TITLE STATEMENT
Title Building cost forecasting: selected papers on a systematic approach to forecasting building costs
260 ## - PUBLICATION, DISTRIBUTION, ETC.
Name of publisher, distributor, etc. RICS
Date of publication, distribution, etc. 1971
300 ## - PHYSICAL DESCRIPTION
Extent 56p
350 ## - PRICE (NR) (BK AM CF MU VM SE) [OBSOLETE]
Price 3
520 ## - SUMMARY, ETC.
Summary, etc. Filed in box 1971/13 ABC
942 ## - ADDED ENTRY ELEMENTS (KOHA)
Suppress in OPAC 0
948 ## - LOCAL PROCESSING INFORMATION (OCLC); SERIES PART DESIGNATOR (RLIN)
c (OCLC) 04/03/1997
Holdings
Withdrawn status Lost status Source of classification or shelving scheme Damaged status Not for loan Home library Current library Shelving location Date acquired Cost, normal purchase price Total Checkouts Full call number Barcode Date last seen Copy number Cost, replacement price Price effective from Koha item type Date last checked out
    Other/Generic Classification Scheme     London London RICS Boxes 16/08/1991 3.00   RICS 1971/13 30005748 06/08/2019 1 3.00 06/08/2019 Book  
    Other/Generic Classification Scheme     London London RICS Boxes 14/09/1999 3.00 1 RICS 1971/13 30005752 06/08/2019 2 3.00 06/08/2019 Book 24/02/2004
    Other/Generic Classification Scheme     London London RICS Boxes 21/08/1991 3.00   RICS 1971/13 30010720 06/08/2019 3 3.00 06/08/2019 Reference material